[Event "Wch Blitz (Women)"]
[Site "Samarkand"]
[Date "2023.12.29"]
[Round "3"]
[White "Ju, Wenjun"]
[Black "Nomin Erdene, Davaademberel"]
[Result "1-0"]
[WhiteElo "2560"]
[BlackElo "2358"]
[PlyCount "101"]
[EventDate "2023.12.29"]
[EventType "swiss (blitz)"]
[EventRounds "17"]
[EventCountry "UZB"]
[SourceTitle "CB01_2024"]
[SourceDate "2024.01.03"]
[SourceVersion "1"]
[SourceVersionDate "2024.01.03"]
[SourceQuality "1"]

1. Nf3 f5 2. d4 Nf6 3. g3 g6 4. Bg2 Bg7 5. 0-0 0-0 6. b3 d6 7. Bb2 c6 8. Nbd2 a5 9. a4 Na6 10. Nc4 Ne4 11. Nfd2 Qc7 12. e3 Kh8 13. f3 Nf6 14. e4 Re8 15. Qe2 fxe4 16. fxe4 e5 17. dxe5 dxe5 18. Nf3 Bg4 19. h3 Bxf3 20. Rxf3 Nc5 21. Rf2 b5 22. axb5 cxb5 23. Ne3 Qb6 24. Nd5 Nxd5 25. exd5 a4 26. b4 Nd7 27. Kh2 Qd6 28. Qxb5 Reb8 29. Qc6 Qxb4 30. Ba3 Qb7 31. Qxb7 Rxb7 32. d6 e4 33. Bxe4 Bxa1 34. Bxb7 Ra7 35. Bc6 Kg7 36. Rf4 Be5 37. Rxa4 Rxa4 38. Bxa4 Nb6 39. Bb5 Kf6 40. c4 Ke6 41. c5 Nd5 42. Bc4 h5 43. h4 g5 44. hxg5 h4 45. Bxd5+ Kxd5 46. d7 Bxg3+ 47. Kh3 Bc7 48. g6 Ke6 49. g7 Kf7 50. Bb2 Bd8 51. Be5 1-0

[Event "Bratislava exe op"]
[Site "Bratislava"]
[Date "2023.09.17"]
[Round "3"]
[White "Nomin Erdene, Davaademberel"]
[Black "Baidetsky, Valentin"]
[Result "1-0"]
[WhiteElo "2364"]
[BlackElo "2485"]
[PlyCount "55"]
[EventDate "2023.09.15"]
[EventType "swiss"]
[EventRounds "9"]
[EventCountry "SVK"]
[SourceTitle "EXT 2024"]
[Source "ChessBase"]
[SourceDate "2023.10.10"]
[SourceVersion "1"]
[SourceVersionDate "2023.10.10"]
[SourceQuality "1"]

1. e4 e6 2. d4 d5 3. Nc3 Nf6 4. e5 Nfd7 5. f4 c5 6. Nf3 Nc6 7. Be3 Be7 8. a3 0-0 9. dxc5 Nxc5 10. Qd2 b6 11. b4 f6 12. Bb5 Bb7 13. bxc5 bxc5 14. exf6 gxf6 15. Ne2 Na5 16. Ng3 d4 17. Bf2 e5 18. fxe5 fxe5 19. Bd3 c4 20. Bf5 Bxf3 21. Qh6 Rf7 22. gxf3 Bg5 23. Qh5 Rg7 24. Be4 d3 25. Bxa8 Qxa8 26. Nf5 Rg6 27. Rg1 Qd8 28. Be3 1-0

[Event "Wch Blitz (Women)"]
[Site "Almaty"]
[Date "2022.12.30"]
[Round "15"]
[White "Balabayeva, Kseniya"]
[Black "Nomin Erdene, Davaademberel"]
[Result "0-1"]
[WhiteElo "2163"]
[BlackElo "2296"]
[PlyCount "90"]
[EventDate "2022.12.29"]
[EventType "swiss (blitz)"]
[EventRounds "17"]
[EventCountry "KAZ"]
[SourceTitle "CBM 211 Extra"]
[Source "ChessBase"]
[SourceDate "2023.01.31"]
[SourceVersion "1"]
[SourceVersionDate "2023.01.31"]
[SourceQuality "1"]

1. e4 c6 2. d4 d5 3. Nd2 dxe4 4. Nxe4 Bf5 5. Ng3 Bg6 6. h4 h6 7. Nf3 Nd7 8. h5 Bh7 9. Bd3 Bxd3 10. Qxd3 e6 11. Bd2 Ngf6 12. 0-0-0 Be7 13. Kb1 Qb6 14. c4 0-0 15. Bc3 Rad8 16. Ne4 c5 17. d5 Nxe4 18. Qxe4 Bf6 19. dxe6 Bxc3 20. Qc2 Bxb2 21. exf7+ Rxf7 22. Qxb2 Qc7 23. Rd3 Nb6 24. Rxd8+ Qxd8 25. Qc2 Rf4 26. Rd1 Qe7 27. Re1 Qd8 28. Ne5 Rd4 29. Ng6 Rxc4 30. Qb3 Kh7 31. Ka1 Qd4+ 32. Qb2 Qd8 33. Kb1 Rb4 34. Qxb4 cxb4 35. Kc2 Qc8+ 36. Kb1 Nd5 37. Rc1 Nc3+ 38. Kb2 a5 39. Re1 Qd8 40. Re3 a4 41. Kc2 Nd5 42. Rf3 Nf6 43. g4 Qc7+ 44. Kd1 Qd6+ 45. Kc1 Qc6+ 0-1

[Event "Wch Blitz (Women)"]
[Site "Almaty"]
[Date "2022.12.30"]
[Round "14"]
[White "Ovod, Evgenija"]
[Black "Nomin Erdene, Davaademberel"]
[Result "1-0"]
[WhiteElo "2195"]
[BlackElo "2296"]
[PlyCount "72"]
[EventDate "2022.12.29"]
[EventType "swiss (blitz)"]
[EventRounds "17"]
[EventCountry "KAZ"]
[SourceTitle "CBM 211 Extra"]
[Source "ChessBase"]
[SourceDate "2023.01.31"]
[SourceVersion "1"]
[SourceVersionDate "2023.01.31"]
[SourceQuality "1"]

1. e4 c6 2. d4 d5 3. exd5 cxd5 4. Bd3 Nc6 5. c3 g6 6. h3 Nh6 7. Nf3 Bf5 8. Be2 Bg7 9. 0-0 0-0 10. Bf4 f6 11. Re1 Nf7 12. Nbd2 e5 13. dxe5 fxe5 14. Bg3 e4 15. Nh2 h5 16. Nhf1 h4 17. Bh2 Nfe5 18. Ne3 Be6 19. Nb3 Qg5 20. Ng4 Rad8 21. Qc1 Qf5 22. Qe3 Kh7 23. Rad1 Nf7 24. f3 Nh6 25. fxe4 dxe4 26. Rxd8 Rxd8 27. Rf1 Qxf1+ 28. Bxf1 Nxg4 29. hxg4 Bxg4 30. Qxe4 Bf5 31. Qxh4+ Kg8 32. Bc4+ Kf8 33. Bg3 Rd1+ 34. Kh2 Ne5 35. Be2 Rd7 36. Nd4 Kf7 1-0

[Event "Wch Blitz (Women)"]
[Site "Almaty"]
[Date "2022.12.30"]
[Round "12"]
[White "Pourkashiyan, Atousa"]
[Black "Nomin Erdene, Davaademberel"]
[Result "0-1"]
[WhiteElo "2248"]
[BlackElo "2296"]
[PlyCount "64"]
[EventDate "2022.12.29"]
[EventType "swiss (blitz)"]
[EventRounds "17"]
[EventCountry "KAZ"]
[SourceTitle "CBM 211 Extra"]
[Source "ChessBase"]
[SourceDate "2023.01.31"]
[SourceVersion "1"]
[SourceVersionDate "2023.01.31"]
[SourceQuality "1"]

1. e4 c6 2. d4 d5 3. Nd2 dxe4 4. Nxe4 Bf5 5. Ng3 Bg6 6. h4 h6 7. Nf3 Nd7 8. h5 Bh7 9. Bd3 Bxd3 10. Qxd3 e6 11. Bd2 Ngf6 12. 0-0-0 Be7 13. Kb1 0-0 14. Nf1 c5 15. g4 Nxg4 16. Qe2 Qb6 17. Rg1 f5 18. Ne5 Ndxe5 19. dxe5 c4 20. Ne3 Nxe5 21. Bc3 Ng4 22. Nxg4 fxg4 23. Qxg4 Bg5 24. Rd7 e5 25. Bxe5 Rf7 26. Rxf7 Kxf7 27. Qd7+ Kf8 28. Bxg7+ Kg8 29. Bf6 Qxf6 30. Qxb7 Rf8 31. Qd5+ Kh7 32. Qxc4 Qf7 0-1

[Event "Wch Rapid (Women)"]
[Site "Almaty"]
[Date "2022.12.28"]
[Round "9"]
[White "Nomin Erdene, Davaademberel"]
[Black "Nurmanova, Alua"]
[Result "0-1"]
[WhiteElo "2304"]
[BlackElo "2123"]
[PlyCount "132"]
[EventDate "2022.12.26"]
[EventType "swiss (rapid)"]
[EventRounds "11"]
[EventCountry "KAZ"]
[SourceTitle "CBM 211 Extra"]
[Source "ChessBase"]
[SourceDate "2023.01.31"]
[SourceVersion "1"]
[SourceVersionDate "2023.01.31"]
[SourceQuality "1"]

1. f4 e5 2. fxe5 d6 3. exd6 Bxd6 4. Nf3 Bg4 5. e4 Nf6 6. d3 Nc6 7. Be2 Nh5 8. Bg5 f6 9. Be3 f5 10. Nc3 0-0 11. Bg5 Qe8 12. Qd2 h6 13. Be3 Bb4 14. exf5 Rxf5 15. 0-0 Rd8 16. Rae1 Kh8 17. Bd1 Qd7 18. Nh4 Rxf1+ 19. Rxf1 Ne5 20. Kh1 Be7 21. Nf3 Rf8 22. Ne4 Qd5 23. Qe1 Ng6 24. Nc3 Qd7 25. Nd2 Rxf1+ 26. Qxf1 Bxd1 27. Qxd1 Nf6 28. Qf3 Qe6 29. Nde4 Nd7 30. Qh5 Nde5 31. a3 a6 32. Qe2 Kh7 33. Nd1 Qf5 34. Ndf2 b5 35. Ng3 Qf7 36. Nfe4 Qa2 37. Nf5 Qb1+ 38. Bg1 Bf8 39. d4 Nc4 40. Qh5 Qc1 41. b3 Nxa3 42. h4 Nh8 43. Ng5+ Kg8 44. Ne6 g6 45. Qg4 h5 46. Qg3 Qxc2 47. Ne3 Qe4 48. Ng5 Qc6 49. d5 Qd7 50. Ne6 Bd6 51. Qg5 Kh7 52. Qf6 Kg8 53. Nc2 Nxc2 54. Bf2 Qe7 55. Qc3 Nb4 56. Qd4 c6 57. Ng5 Nxd5 58. Qd3 Qe5 59. Nf3 Qf5 60. Qd4 Nf7 61. Qa7 Nf4 62. Qa8+ Kh7 63. Qxc6 Qg4 64. Nd4 Qd1+ 65. Bg1 Nd3 66. Qe4 Nf2# 0-1

[Event "Wch Rapid (Women)"]
[Site "Almaty"]
[Date "2022.12.26"]
[Round "2"]
[White "Dzagnidze, Nana"]
[Black "Nomin Erdene, Davaademberel"]
[Result "1-0"]
[WhiteElo "2475"]
[BlackElo "2304"]
[PlyCount "42"]
[EventDate "2022.12.26"]
[EventType "swiss (rapid)"]
[EventRounds "11"]
[EventCountry "KAZ"]
[SourceTitle "CBM 211 Extra"]
[Source "ChessBase"]
[SourceDate "2023.01.31"]
[SourceVersion "1"]
[SourceVersionDate "2023.01.31"]
[SourceQuality "1"]

1. c4 f5 2. d4 Nf6 3. g3 g6 4. Bg2 Bg7 5. Nc3 0-0 6. Nh3 Nc6 7. 0-0 d6 8. Nf4 e5 9. dxe5 Nxe5 10. b3 c6 11. Ba3 Nf7 12. Qc2 Qa5 13. Bb2 Bd7 14. Rad1 Ng4 15. Rd2 Rac8 16. Rfd1 b5 17. c5 d5 18. Ncxd5 cxd5 19. Bxg7 Kxg7 20. Rxd5 Rcd8 21. Qb2+ Kg8 1-0

[Event "Wch Rapid (Women)"]
[Site "Almaty"]
[Date "2022.12.26"]
[Round "4"]
[White "Khotenashvili, Bela"]
[Black "Nomin Erdene, Davaademberel"]
[Result "1-0"]
[WhiteElo "2405"]
[BlackElo "2304"]
[PlyCount "109"]
[EventDate "2022.12.26"]
[EventType "swiss (rapid)"]
[EventRounds "11"]
[EventCountry "KAZ"]
[SourceTitle "CBM 211 Extra"]
[Source "ChessBase"]
[SourceDate "2023.01.31"]
[SourceVersion "1"]
[SourceVersionDate "2023.01.31"]
[SourceQuality "1"]

1. Nf3 d5 2. g3 Nf6 3. Bg2 c6 4. 0-0 Bf5 5. d3 h6 6. c4 e6 7. Qb3 Qb6 8. Qc2 Nbd7 9. b3 Be7 10. Bb2 0-0 11. Nc3 Bh7 12. Rad1 Rad8 13. Qc1 Rfe8 14. Qa1 Bf8 15. h3 c5 16. e3 Qa5 17. cxd5 exd5 18. d4 c4 19. Ne5 Nxe5 20. dxe5 Rxe5 21. Ne2 Ree8 22. Bxf6 gxf6 23. Nf4 Bg7 24. Rxd5 Rxd5 25. Nxd5 f5 26. Qc1 c3 27. b4 Qxa2 28. Nxc3 Qc4 29. Nd5 Qxc1 30. Rxc1 f4 31. Nxf4 b6 32. Rc7 Bf8 33. Bd5 Re7 34. Rc8 Be4 35. b5 Bxd5 36. Nxd5 Re6 37. Rc7 Re5 38. e4 Bc5 39. Kg2 Kf8 40. f3 Ke8 41. Rxa7 Kd8 42. Rxf7 Re6 43. g4 Bd4 44. h4 Rg6 45. Kg3 Ke8 46. Rb7 Kf8 47. f4 Rd6 48. g5 hxg5 49. hxg5 Kg8 50. Kg4 Kf8 51. Rc7 Rd8 52. Rc6 Re8 53. Kf5 Ra8 54. e5 Ra5 55. Ke4 1-0

[Event "Asian Continental Blitz op (Women) 19th"]
[Site "Delhi"]
[Date "2022.11.03"]
[Round "4"]
[White "Arpita, Mukherjee"]
[Black "Nomin Erdene, Davaademberel"]
[Result "1-0"]
[WhiteElo "2238"]
[BlackElo "2404"]
[PlyCount "71"]
[EventDate "2022.11.03"]
[EventType "swiss (blitz)"]
[EventRounds "9"]
[EventCountry "IND"]
[SourceTitle "EXT 2024"]
[Source "ChessBase"]
[SourceDate "2023.10.10"]
[SourceVersion "1"]
[SourceVersionDate "2023.10.10"]
[SourceQuality "1"]

1. e4 c6 2. d4 d5 3. e5 Bf5 4. Nf3 e6 5. Be2 c5 6. Be3 Qb6 7. Nc3 Nc6 8. 0-0 Qxb2 9. Qe1 0-0-0 10. Nb5 c4 11. Nd6+ Bxd6 12. exd6 Bxc2 13. Ne5 Nxe5 14. dxe5 Qxe5 15. Qa5 Qxd6 16. Bxa7 Ne7 17. Bb6 Nc6 18. Qd2 Bg6 19. a4 Rd7 20. a5 Qb4 21. Qg5 d4 22. Bf3 Nb8 23. Rfd1 h6 24. Qe5 Qd6 25. Qxg7 Re8 26. Rxd4 Qe7 27. Rxc4+ Nc6 28. a6 Kb8 29. axb7 Rxb7 30. Bxc6 Rxb6 31. Ra8+ Kc7 32. Bxe8+ Kb7 33. Bc6+ Rxc6 34. Rxc6 Kxa8 35. Qa1+ Kb7 36. Qa6+ 1-0

[Event "Asian Continental op (Women) 19th"]
[Site "Delhi"]
[Date "2022.11.02"]
[Round "8"]
[White "Aakanksha, Hagawane"]
[Black "Nomin Erdene, Davaademberel"]
[Result "1/2-1/2"]
[WhiteElo "2162"]
[BlackElo "2404"]
[PlyCount "144"]
[EventDate "2022.10.26"]
[EventType "swiss"]
[EventRounds "9"]
[EventCountry "IND"]
[SourceTitle "EXT 2024"]
[Source "ChessBase"]
[SourceDate "2023.10.10"]
[SourceVersion "1"]
[SourceVersionDate "2023.10.10"]
[SourceQuality "1"]

1. e4 c6 2. Nc3 d5 3. Nf3 dxe4 4. Nxe4 Nf6 5. Qe2 Bg4 6. h3 Bh5 7. Ng3 Bg6 8. d4 e6 9. c3 Nbd7 10. h4 h6 11. Ne5 Nxe5 12. Qxe5 Bd6 13. Qe3 Qc7 14. Be2 0-0 15. 0-0 c5 16. dxc5 Bxc5 17. Qf3 h5 18. Be3 Bd6 19. c4 Ng4 20. c5 Be7 21. Bg5 Bxc5 22. Qc3 Rac8 23. Bxg4 hxg4 24. h5 Bh7 25. Rac1 Bb6 26. Qb4 Qe5 27. Qxg4 f5 28. Qf3 Rxc1 29. Bxc1 f4 30. Ne2 Be4 31. Qg4 f3 32. Nf4 fxg2 33. Re1 Qf5 34. Qxf5 exf5 35. Nxg2 Ba5 36. Rd1 Bf3 37. Rd7 Rc8 38. Be3 Rc4 39. Nf4 Bc7 40. Ne6 Rh4 41. Rxg7+ Kh8 42. Kf1 Be5 43. Rg1 Bxh5 44. b3 Bg4 45. Ng5 Bf6 46. f3 Bh5 47. Bf2 Rh2 48. Rg3 f4 49. Rh3 Rxh3 50. Nxh3 Be5 51. Bxa7 Bxf3 52. Bg1 Bg4 53. Nf2 Bf5 54. Ke2 Bb1 55. a3 Bc2 56. Nd3 Bd6 57. b4 Kh7 58. Nc5 b6 59. Ne6 Bf5 60. Nd4 Bg4+ 61. Kd3 Bc7 62. a4 Bd1 63. Ne6 Bd6 64. a5 bxa5 65. bxa5 Kg6 66. Ke4 Bc2+ 67. Kf3 Bd1+ 68. Ke4 Bc2+ 69. Kf3 Kf6 70. Nxf4 Bxf4 71. Kxf4 Bd3 72. Ke3 Ba6 1/2-1/2

[Event "Szolnok op"]
[Site "Szolnok"]
[Date "2022.06.16"]
[Round "2"]
[White "La Barbera, Manfredi"]
[Black "Nomin Erdene, Davaademberel"]
[Result "0-1"]
[WhiteElo "1858"]
[BlackElo "2394"]
[PlyCount "52"]
[EventDate "2022.06.16"]
[EventType "swiss"]
[EventRounds "7"]
[EventCountry "HUN"]
[SourceTitle "CBM 209 Extra"]
[Source "ChessBase"]
[SourceDate "2022.09.30"]
[SourceVersion "1"]
[SourceVersionDate "2022.09.30"]
[SourceQuality "1"]

1. e4 c6 2. d4 d5 3. e5 Bf5 4. h4 Qb6 5. g4 Bd7 6. c4 dxc4 7. Bxc4 e6 8. Nc3 Ne7 9. h5 h6 10. Nge2 Nd5 11. f4 Na6 12. a3 c5 13. Rh3 cxd4 14. Qxd4 Bc5 15. Nxd5 exd5 16. Qxd5 0-0-0 17. Bxa6 Bc6 18. Bxb7+ Bxb7 19. Qb3 Bf2+ 20. Kf1 Bc5 21. Qc2 Kb8 22. b4 Qc6 23. Rh2 Qf3+ 24. Ke1 Bb6 25. a4 Be4 26. Qb2 Qf1+ 0-1